| 000 | 01808cam a2200433Ki 4500 | ||
|---|---|---|---|
| 001 | 8064768 | ||
| 003 | ARRUPE | ||
| 005 | 20161206123053.0 | ||
| 006 | m d | ||
| 007 | cr bn||||||abp | ||
| 007 | cr bn||||||ada | ||
| 008 | 100510s1893 enk o 000 0 eng d | ||
| 035 | _a(OCoLC)ocn613231502 | ||
| 035 | _a(OCoLC)613231502 | ||
| 040 |
_aOCLCE _beng _cOCLCE _dOCLCQ |
||
| 049 | _aZCUA | ||
| 050 | 4 |
_aBL80 _b.C3 1893a |
|
| 082 | 0 | 4 |
_a200.9 _bC136e |
| 100 | 1 |
_aCaird, Edward, _d1835-1908. _927664 |
|
| 245 | 1 | 4 |
_aThe evolution of religion _bthe Gifford lectures delivered before the University of St. Andrews in sessions 1890-91 and 1891-92 / _cby Edward Caird. |
| 250 | _a2nd ed. | ||
| 260 |
_aGlasgow : _bJames Maclehose, _c1893. |
||
| 300 |
_axii, 400p. ; _c24cm. |
||
| 440 |
_aClassic reprint series _vvol. 1 _97675 |
||
| 500 | _aPublished originally in 1894 | ||
| 506 |
_3Use copy _fRestrictions unspecified _2star _5MiAaHDL |
||
| 533 |
_aElectronic reproduction. _b[S.l.] : _cHathiTrust Digital Library, _d2010. |
||
| 538 |
_aMaster and use copy. Digital master created according to Benchmark for Faithful Digital Reproductions of Monographs and Serials, Version 1. Digital Library Federation, December 2002. _uhttp://purl.oclc.org/DLF/benchrepro0212 |
||
| 583 | 1 |
_adigitized _c2010 _hHathiTrust Digital Library _lcommitted to preserve _2pda _5MiAaHDL |
|
| 650 | 0 |
_aReligion. _927671 |
|
| 650 | 0 |
_aReligions. _927672 |
|
| 650 | 0 |
_aChristianity. _927673 |
|
| 650 | 0 |
_aChristianity and other religions. _927674 |
|
| 650 | 6 |
_aReligions. _927672 |
|
| 650 | 6 |
_aReligion _xPhilosophie. _927675 |
|
| 650 | 6 |
_aChristianisme. _927676 |
|
| 776 | 0 | 8 |
_iPrint version: _aCaird, Edward, 1835-1908. _tEvolution of religion. _dGlasgow : James Maclehose, 1893 _w(OCoLC)2170360 |
| 942 |
_2lcc _cMONOGRAPH |
||
| 999 |
_c125802 _d125802 |
||